| 000 | 00829ntaaa2200253 4500 | ||
|---|---|---|---|
| 003 | 01 | ||
| 005 | 20251027203334.0 | ||
| 008 | 0714s1973 ag 01 | ||
| 040 |
_aAR-BaBN _bspa _cAR-BaBN _eaacr _dRIC |
||
| 100 |
_aFoscolo, Fernando _937170 |
||
| 245 |
_aMinisterio profético / _cFernando Foscolo |
||
| 260 |
_aBuenos Aires, _c2014 |
||
| 300 |
_a32 p. ; _c28 cm. |
||
| 500 | _aIncluye referencias bibliográficas | ||
| 500 | _aBibliografía: p. 31-32 | ||
| 502 | _a(licenciatura)-Seminario Internacional Teológico Bautista, 2014 | ||
| 505 | _tCap. 1. Dones o ministerios | ||
| 505 | _tCap. 2. Funciones del ministerio profético | ||
| 505 | _tCap. 3. Mitos sobre el ministerio profético | ||
| 505 | _tCap. 4. El ministerio profético hoy | ||
| 650 | _aTESIS | ||
| 650 |
_aMINISTERIO PROFETICO _937171 |
||
| 942 | _cBK | ||
| 999 |
_c28894 _d28894 |
||